Santa Apolonia Teacalco (Record no. 9849)

MARC details
000 -CABECERA
campo de control de longitud fija 00956nam a2200253 a 4500
001 - NÚMERO DE CONTROL
campo de control BRL_1037
005 - FECHA Y HORA DE LA ÚLTIMA TRANSACCIÓN
campo de control 20190320211016.0
008 - DATOS DE LONGITUD FIJA--INFORMACIÓN GENERAL
campo de control de longitud fija 051113s1976----mx-a######---#000-0#spa-#
041 ## - CÓDIGO DE LENGUA
Código de lengua del texto/banda sonora o título independiente spa
044 ## - CÓDIGO DEL PAÍS DE LA ENTIDAD EDITORA/PRODUCTORA
Código MARC del país mx
050 #4 - SIGNATURA TOPOGRÁFICA DE LA BIBLIOTECA DEL CONGRESO
Número de clasificación F1219.1.T623
Número de documento/Ítem .Z35 1976
100 1# - ENTRADA PRINCIPAL--NOMBRE DE PERSONA
Nombre de persona Zaldivar Guerra, María Luisa
9 (RLIN) 25644
245 10 - MENCIÓN DE TÍTULO
Título Santa Apolonia Teacalco
Resto del título un pueblo canastero
Mención de responsabilidad, etc. Ma. Luisa Zaldivar Guerra.
260 ## - PUBLICACIÓN, DISTRIBUCIÓN, ETC.
Lugar de publicación, distribución, etc. México
Nombre del editor, distribuidor, etc. SEP : Departamento de Investigación de las Tradiciones Populares, Dirección General de Arte Popular
Fecha de publicación, distribución, etc. 1976
300 ## - DESCRIPCIÓN FÍSICA
Extensión 80 p.
Otras características físicas il.
Dimensiones 22 cm.
440 #0 - MENCIÓN DE SERIE/PUNTO DE ACCESO ADICIONAL--TÍTULO
Título Estudios de Folklore y de Arte Popular
Designación de volumen o secuencia 2
9 (RLIN) 25645
500 ## - NOTA GENERAL
Nota general Au1191
504 ## - NOTA DE BIBLIOGRAFÍA, ETC.
Nota de bibliografía, etc. Bibliografía: p. 77-80
650 14 - PUNTO DE ACCESO ADICIONAL DE MATERIA--TÉRMINO DE MATERIA
Término de materia o nombre geográfico como elemento de entrada Cestería
Subdivisión geográfica Santa Apolonia Teacalco (Tlaxcala)
9 (RLIN) 25646
650 14 - PUNTO DE ACCESO ADICIONAL DE MATERIA--TÉRMINO DE MATERIA
Término de materia o nombre geográfico como elemento de entrada Indígenas de México
Subdivisión general Cestas
Subdivisión geográfica Santa Apolonia Teacalco (Tlaxcala)
9 (RLIN) 25647
651 #4 - PUNTO DE ACCESO ADICIONAL DE MATERIA--NOMBRE GEOGRÁFICO
Nombre geográfico Santa Apolonia Teacalco (Tlaxcala)
Subdivisión general Condiciones economicas
9 (RLIN) 25648
902 ## - CATALOGADOR
Iniciales GRL
942 ## - ELEMENTOS DE PUNTO DE ACCESO ADICIONAL (KOHA)
Fuente del sistema de clasificación o colocación Library of Congress Classification
Tipo de ítem Koha Libros
Holdings
Estado de retiro Estado de pérdida Estado dañado No para préstamo Localización permanente Ubicación/localización actual Fecha de adquisición Número de inventario Total de préstamos Signatura topográfica completa Código de barras Fecha visto por última vez Precio válido a partir de Tipo de ítem Koha
El ejemplar forma parte de la colección y puede ser consultado según las políticas vigentes.       Biblioteca Centro de Estudios Ruth D. Lechuga Biblioteca Centro de Estudios Ruth D. Lechuga 05/11/2013 Au1191   F1219.1.T623 .Z35 1976 (Au1191) GRL01132 22/03/2019 22/03/2019 Libros